|
|
|
|
| LEADER |
01380nam a2200385Ia 4500 |
| 001 |
EBC459672 |
| 003 |
MiAaPQ |
| 005 |
20200520144314.0 |
| 006 |
m o d | |
| 007 |
cr cn||||||||| |
| 008 |
090507s2009 dcu sb 000 0 eng d |
| 010 |
|
|
|z 2009018190
|
| 020 |
|
|
|z 9780821380215 (pbk.)
|
| 020 |
|
|
|a 9780821380222 (electronic bk.)
|
| 035 |
|
|
|a (MiAaPQ)EBC459672
|
| 035 |
|
|
|a (Au-PeEL)EBL459672
|
| 035 |
|
|
|a (CaPaEBR)ebr10326383
|
| 035 |
|
|
|a (CaONFJC)MIL225974
|
| 035 |
|
|
|a (OCoLC)436917200
|
| 040 |
|
|
|a MiAaPQ
|c MiAaPQ
|d MiAaPQ
|
| 050 |
|
4 |
|a HF3396.5
|b .B65 2009
|
| 245 |
0 |
0 |
|a Bolivia
|h [electronic resource] :
|b strengthening competitiveness for export diversification and inclusive growth.
|
| 260 |
|
|
|a Washington, DC :
|b World Bank,
|c 2009.
|
| 300 |
|
|
|a xvii, 142 p.
|
| 500 |
|
|
|a "June 30, 2008."
|
| 504 |
|
|
|a Includes bibliographical references.
|
| 533 |
|
|
|a Electronic reproduction. Ann Arbor, MI : ProQuest, 2015. Available via World Wide Web. Access may be limited to ProQuest affiliated libraries.
|
| 650 |
|
0 |
|a Exports
|z Bolivia.
|
| 651 |
|
0 |
|a Bolivia
|x Commerce.
|
| 651 |
|
0 |
|a Bolivia
|x Commercial policy.
|
| 651 |
|
0 |
|a Bolivia
|x Economic policy.
|
| 655 |
|
4 |
|a Electronic books.
|
| 710 |
2 |
|
|a World Bank.
|
| 710 |
2 |
|
|a ProQuest (Firm)
|
| 856 |
4 |
0 |
|u https://ebookcentral.proquest.com/lib/matrademy/detail.action?docID=459672
|z Click to View
|